00820pab a2200145 454500008004000000100002000040245004200060260000900102300001300111362001100124520046200135650002700597700001600624773003400640180718b2014 xxu||||| |||| 00| 0 eng d aAgrawal, Ankush aInfirmities in NSSO data for Nagaland c2014 ap.20-22. a22 Mar aThe samples of the National Sample Survey Office are unlikely to be representative of Nagaland. This is so not because of the size of the sample, but because of the arbitrary restriction to villages within 5 kms of bus routes, whereas the bulk of the rural and tribal population is located farther from the roads. Further, it is argued that the Census of India data, which is used as the sampling frame, is found to be unreliable for Nagaland. - Reproduced. aNational Sample Survey aVikas Kumar aEconomic and Political Weekly